Loading...
| History - World History | 0 | 8 | 0 | 1 | 80 | 98 | 109.50 | 0 | 0 |
| History - European History | 0 | 7 | 0 | 1 | 70 | 77 | 115.29 | 1 | 1 |
| Geography | 0 | 7 | 1 | 0 | 65 | 67 | 97.29 | 0 | 1 |
| Religion | 0 | 7 | 1 | 1 | 65 | 27 | 88.57 | 1 | 3 |
| Fine Arts - Classical Music | 0 | 5 | 1 | 2 | 45 | 98 | 127.00 | 0 | 1 |
| Current Events | 0 | 3 | 0 | 0 | 30 | 33 | 78.00 | 0 | 1 |
| Any History | 0 | 4 | 3 | 1 | 25 | 88 | 111.50 | 0 | 1 |
| Social Science | 0 | 2 | 0 | 1 | 20 | 100 | 117.00 | 0 | 0 |
| Literature - World Literature | 0 | 2 | 0 | 0 | 20 | 77 | 106.00 | 1 | 1 |
| Fine Arts - Other Fine Arts | 0 | 2 | 1 | 0 | 15 | 113 | 118.50 | 0 | 0 |
| Literature - European Literature | 0 | 1 | 0 | 0 | 10 | 78 | 78.00 | 0 | 0 |
| Mythology | 0 | 2 | 2 | 1 | 10 | 116 | 135.00 | 0 | 0 |
| Philosophy | 0 | 1 | 0 | 1 | 10 | 131 | 131.00 | 0 | 0 |
| History - American History | 0 | 1 | 0 | 0 | 10 | 113 | 113.00 | 0 | 0 |
| Literature - American Literature | 0 | 1 | 0 | 0 | 10 | 110 | 110.00 | 0 | 0 |
| Literature - British Literature | 0 | 1 | 0 | 0 | 10 | 102 | 102.00 | 0 | 0 |
| Science - Other Science | 0 | 1 | 1 | 0 | 5 | 66 | 66.00 | 1 | 1 |